LIBRARY ONLINE CATALOGUE

Sociolinguistics / (Record no. 17941)

MARC details
000 -LEADER
fixed length control field 00629nam a22002292 4500
001 - CONTROL NUMBER
control field 0000018705
003 - CONTROL NUMBER IDENTIFIER
control field OSt
005 - DATE AND TIME OF LATEST TRANSACTION
control field 20191004161613.0
008 - FIXED-LENGTH DATA ELEMENTS--GENERAL INFORMATION
fixed length control field 100608s xx 000 0 eng d
020 ## - INTERNATIONAL STANDARD BOOK NUMBER
International Standard Book Number 052156514
040 ## - CATALOGING SOURCE
Original cataloging agency KABU
Transcribing agency KABU
050 ## - LIBRARY OF CONGRESS CALL NUMBER
Classification number P40
Item number .H83 2001 c. 1
100 1# - MAIN ENTRY--PERSONAL NAME
Personal name Hudson, R. A.
245 10 - TITLE STATEMENT
Title Sociolinguistics /
Statement of responsibility, etc. R. A. Hudson.
250 ## - EDITION STATEMENT
Edition statement 2nd ed.
260 ## - PUBLICATION, DISTRIBUTION, ETC. (IMPRINT)
Place of publication, distribution, etc. Cambridge :
Name of publisher, distributor, etc. C. U. P.,
Date of publication, distribution, etc. 2001.
300 ## - PHYSICAL DESCRIPTION
Extent xv, 279 p.
650 #0 - SUBJECT ADDED ENTRY--TOPICAL TERM
Topical term or geographic name as entry element Sociolinguistics.
908 ## - PUT COMMAND PARAMETER (RLIN)
Put command parameter 100608
942 ## - ADDED ENTRY ELEMENTS (KOHA)
Source of classification or shelving scheme Library of Congress Classification
Koha item type General Collection
Classification part P40
Item part .H83 2001 c. 1
Holdings
Withdrawn status Lost status Source of classification or shelving scheme Not for loan Home library Current library Date acquired Cost, normal purchase price Total Checkouts Full call number Barcode Date last seen Copy number Price effective from Koha item type Date last checked out
    Library of Congress Classification   Kabarak, Main Campus Kabarak, Main Campus 04/10/2019 3910.50   P40 .H83 2001 c. 1 023793 05/02/2020 c. 1 04/10/2019 General Collection  
    Library of Congress Classification   Kabarak, Main Campus Kabarak, Main Campus 04/10/2019 3910.50 3 P40 .H83 2001 c. 2 023794 24/10/2024 c. 2 04/10/2019 General Collection 09/10/2024
    Library of Congress Classification   Kabarak, Main Campus Kabarak, Main Campus 04/10/2019 3910.50   P40 .H83 2001 c. 3 023795 04/10/2019 c. 3 04/10/2019 General Collection